000 00601nam a2200181Ia 4500
003 GCL
008 140319s9999 xx 000 0 ara d
040 _aGCL /
_cGCL
082 0 4 _a811.9
_bو ح
100 1 _aوصفى ال وصفى
245 1 0 _aالحدوته: الليل /
_cوصفى ال وصفى
260 _a[S.N] :
_bمجلة التشريع المالى والضريبى ،
_c1967
300 _a132 ص
490 _aالهيئة العامة للاستعلامات
_v0
650 0 4 _aالادب العربى
650 0 4 _aالشعر العربى - العصر الحديث
942 _2ddc
_cBK
999 _c53168
_d53168